000 00627nam a2200205Ia 4500
001 23744
003 GE_BSU
008 181216s||||||||xx |||||||||||||| ||und||
040 _cGE_BSU
245 _aТурбизнес №7-8,(357) июль-август, 2018.
245 _bТехнологии в туризме e Travel
245 _cГл.ред. Ирина Смирнова
260 _aмосква
260 _c2018г.
300 _a20cт; 28см;
653 _aПериодика
653 _aТурбизнес №7-8,(357) июль-август, 2018.
653 _aპერიოდიკა
942 _cCR
999 _c56623
_d56623